| 000 | 00754nam a2200229Ia 4500 | ||
|---|---|---|---|
| 003 | GCL | ||
| 008 | 140319s9999 xx 000 0 ara d | ||
| 040 |
_aGCL / _cGCL |
||
| 082 | 0 | 4 |
_a370.15 _bف م |
| 100 | 1 | _aمحمد نبيل نوفل | |
| 245 | 1 | 0 |
_aمناهج البحث فى التربية وعلم النفس / _cمحمد نبيل نوفل |
| 700 | 1 | _aفان دالين، ديوبولد ب | |
| 700 | 1 | _aسلمان الخضرى (مترجم) | |
| 700 | 1 | _aطلعت منصور (مترجم) | |
| 700 | 1 | _aسيد احمد عثمان (مراجع) | |
| 300 | _a651 ص | ||
| 490 | _a | ||
| 650 | 0 | 4 | _aعلم النفس التربوى |
| 650 | 0 | 4 | _aالتعليم - مناهج |
| 650 | 0 | 4 | _aالمناهج، علم النفس |
| 942 |
_2ddc _cBK |
||
| 999 |
_c39013 _d39013 |
||